000 01932cam a22004454a 4500
001 12130522
003 OSt
005 20260429085706.0
008 000803s2001 ctuab b 001 0 eng
010 _a 00043769
020 _a9780300088694
_qcloth : alk. paper
020 _a0300088698
_qalk. paper
035 _a12130522
040 _aDLC
_cFoundation University
042 _apcc
043 _aaw-----
_af------
_aa------
050 0 0 _aN 6260
_b.E79 2001
100 1 _aEttinghausen, Richard.
_915709
245 1 0 _aIslamic art and architecture 650-1250 /
_cRichard Ettinghausen, Oleg Grabar, Marilyn Jenkins-Madina.
250 _a2nd ed.
260 _aNew Haven, CT :
_bYale University Press,
_c2001.
264 _42001
300 _axiii, 344 p. ::
_bill. (some col.), map ;
_c30 cm.
_3books
_fbook
336 _atext
_btxt
_2rdacontent
_3book
337 _aunmediated
_bn
_2rdamedia
_3book
338 _avolume
_bnc
_2rdacarrier
_3book
440 0 _aYale University Press Pelican history of art
_915710
500 _a"Some sections of this book were previously published in The art and architecture of Islam 650-1250 by Penguin Books Ltd, 1987"--T.p. verso.
504 _aIncludes bibliographical references (p. [329]-335) and indexes.
650 0 _aIslamic art.
_915711
650 0 _aIslamic architecture.
_915712
650 0 _aArt, Medieval
_zIslamic Empire.
_915713
650 0 _aArchitecture, Medieval
_zIslamic Empire.
_915714
700 1 _aGrabar, Oleg.
_915715
700 1 _aJenkins, Marilyn,
_d1940-
_915716
906 _a7
_bcbc
_corignew
_d1
_eocip
_f20
_gy-gencatlg
942 _2lcc
_cBK
_hN 6260
_i.2001 E79
_k(DAFA-FA)
999 _c5819
_d5819